000 00761nam a2200217 a 4500
005 20210219160458.0
008 081109s2000 mx r 000 0 spa d
020 _a0821354892
035 _aUPN01000166413
049 _aUNE
080 _a338.49 (7/8) =20 "2003" LIM.
245 0 4 _aThe Limits of stabilization: Infrastructure, public deficits, and growth in Latin America/ Edited by William Easterly; Luis Servén.
260 _aWashington, D.C:; The World Bank: Palo Alto, Calif.; Stanford University Press, 2003.
300 _axv, 209 p.; 23 cm. il.
440 0 _aLatin America Development Forum
690 _aEquilibrio económico
690 _aSector público
690 _aSistemas económicos
690 _aSector privado
905 _aUNESCO
999 _c138524
_d138524